| 000 | 02294nam a22002057a 4500 | ||
|---|---|---|---|
| 999 |
_c510117 _d510117 |
||
| 008 | 190724b ||||| |||| 00| 0 eng d | ||
| 100 |
_aTaguchi, Hiroyuki _97376 |
||
| 245 | _aTrade impacts of South Asian free trade agreements in Sri Lanka | ||
| 260 | _c2019 | ||
| 300 | _ap.1-18. | ||
| 520 | _aThis article aims to examine the trade effects of the South Asian Free Trade Agreement (SAFTA) with a focus on Sri Lanka, by applying a gravity trade model. The study targets the following three FTAs: the SAFTA, the India–Sri Lanka Free Trade Agreement (ISFTA), and the Pakistan–Sri Lanka Free Trade Agreement (PSFTA). The outcomes of the gravity trade model estimation suggested that the trade creation effects were identified in the ISFTA, while those were not verified in the SAFTA and that the PSFTA had the trade creation effects only on the Sri Lankan imports. Those results seem to reflect the differentials in the preferential tariff rates. In particular, ISFTA could have the predominant positive effects on Sri Lankan trade flows due to its lowest preferential tariff rates, and thus the SAFTA effect might be crowded out at the current stage of Sri Lankan trade. model. The study targets the following three FTAs: the SAFTA, the India–Sri Lanka Free Trade Agreement (ISFTA), and the Pakistan–Sri Lanka Free Trade Agreement (PSFTA). The outcomes of the gravity trade model estimation suggested that the trade creation effects were identified in the ISFTA, while those were not verified in the SAFTA and that the PSFTA had the trade creation effects only on the Sri Lankan imports. Those results seem to reflect the differentials in the preferential tariff rates. In particular, ISFTA could have the predominant positive effects on Sri Lankan trade flows due to its lowest preferential tariff rates, and thus the SAFTA effect might be crowded out at the current stage of Sri Lankan trade. Reproduced. | ||
| 650 |
_aInternational trade _97377 |
||
| 650 |
_aSouth Asian Free Trade Agreement _97378 |
||
| 650 |
_aIndia SriLanka Free Trade Agreement _97379 |
||
| 650 |
_aSouth Asian Association for Regional Cooperation _97380 |
||
| 700 |
_aRubasinghe, Don Chalani Imasha _97381 |
||
| 773 | _aSouth Asia Economic Journal | ||
| 906 | _aFree trade - Sri Lanka | ||
| 942 | _cAR | ||